000 00905nam0a22002531 4500
001 rc\4807158
005 20130426135001.1
021 _aRU
_b[64-19223]
035 _a(NLR Aleph) 008794625
090 _a8063361
_c8063361
100 _a20130426d1964 |||y0rusy50 ca
101 1 _arus
_cukr
102 _aRU
105 _aa z |||a|
200 1 _aКобзарь
_eИзбр. стихотворения и поэмы
_eПер. с укр.
_f[Сост., вступ. статья и примеч. А. Дейча]
_gИзд. иллюстрировано рис. автора
210 _aМосква
_cХудож. лит.
_d1964
215 _a623 с., 16 л. ил.
_cил.
_d22
700 1 _aШевченко
_bТ. Г.
_gТарас Григорьевич
702 1 _aДейч
_bА.
_4220
_4080
_4212
801 0 _aRU
_bNLR
_gpsbo
801 1 _aRU
_bELAR
_2rusmarc
852 _aNLR
_j64-5/1662
942 _cBOOK
980 _aNB